|
|
|
|
| LEADER |
00000nam a2200000 a 4500 |
| 001 |
vtls009479258 |
| 003 |
SK-MaSNL |
| 005 |
20260301082057.0 |
| 008 |
160610s2008 xo dal g bi 101 0 eng |
| 015 |
|
|
|a SNBA2011/06-02972
|
| 020 |
|
|
|a 9788096920297 (brož.)
|
| 035 |
|
|
|a B2593C4D-D518-43B1-B655-C844FB5AD19D
|
| 035 |
|
|
|a urn:nbn:sk:snk-aml7ig
|
| 035 |
|
|
|a urn:nbn:sk:snk-am008tk0
|
| 040 |
|
|
|a SNK
|b slo
|c SNK
|e AACR2
|
| 041 |
0 |
|
|a eng
|b eng
|
| 044 |
|
|
|a xo
|c SK
|
| 072 |
|
7 |
|a 004.7
|x Počítačové siete
|2 konspekt
|
| 080 |
|
|
|a 004.75
|2 2001
|
| 080 |
|
|
|a 001
|2 2001
|
| 080 |
|
|
|a (062.534)
|2 2001
|
| 111 |
2 |
|
|a International Workshop on Grid Computing for Complex Problems
|n (4 :
|d 2008 :
|c Bratislava, Slovensko)
|9 406396
|
| 245 |
1 |
0 |
|a 4th International Workshop on Grid Computing for Complex Problems GCCP 2008
|b proceedings : associate action to create national Grid initiative: making ... (sprístupnenie Gridu pre elektronickú vedu na Slovensku) : october 27-29, 2008 Bratislava, Slovakia
|c [proceedings editors Ladislav Hluchý, Jolana Sebestyénová, Peter Kurdel, Miroslav Dobrucký
|
| 246 |
3 |
|
|a Fourth International Workshop on Grid Computing for Complex Problems GCCP 2008
|
| 250 |
|
|
|a [1. vyd.]
|
| 260 |
|
|
|a Bratislava
|b Institute of Informatics Slovak Academy of Sciences
|c 2008
|
| 300 |
|
|
|a 175 s.
|b grafy, ilustr., tab.
|c 25 cm
|
| 504 |
|
|
|a Bibliogr. Aut. reg.
|
| 546 |
|
|
|a Res. angl.
|
| 650 |
0 |
7 |
|a grid computing
|2 SNKPH
|9 406397
|
| 650 |
0 |
7 |
|a distribuované spracovanie dát
|2 SNKPH
|9 121576
|
| 650 |
0 |
7 |
|a veda
|2 SNKPH
|9 1599
|
| 650 |
0 |
7 |
|a Distributed data processing
|2 SNKPHeng
|9 406398
|
| 650 |
0 |
7 |
|a Science
|2 SNKPHeng
|9 265845
|
| 650 |
0 |
7 |
|a Proceedings of conferences
|2 SNKPHeng
|9 367418
|
| 655 |
|
7 |
|a zborníky konferencií
|2 SNKPH
|9 70153
|
| 700 |
1 |
|
|a Hluchý, Ladislav,
|d 1952-
|4 edt
|9 103458
|
| 700 |
1 |
|
|a Sebestyénová, Jolana
|4 edt
|9 406399
|
| 700 |
1 |
|
|a Kurdel, Peter
|4 edt
|9 406400
|
| 700 |
1 |
|
|a Dobrucký, Miroslav
|4 edt
|9 13126
|
| 919 |
|
|
|a 978-80-969202-9-7
|
| 958 |
|
|
|a NB
|
| 958 |
|
|
|a OND
|
| 968 |
|
|
|d 0
|
| 999 |
|
|
|c 657613
|d 659543
|
| 952 |
|
|
|a SNK
|b SNK
|y PREZ
|7 0
|p 17A0614019
|o snkSC 134769
|i snk2009/4197
|8 0
|0 0
|1 0
|4 0
|d 2009-03-03
|f 1
|l 0
|r 2025-07-01 00:00:00
|w 2026-02-23
|
| 952 |
|
|
|a SNK
|b SNK
|y VYP
|7 0
|p 17A0614018
|o snkSC 134769 D1
|i snk2009/4198
|8 0
|0 0
|1 0
|4 0
|d 2009-03-03
|l 0
|r 2026-02-23 18:42:58
|w 2026-02-23
|